000 00653nam a2200205Ia 4500
003 OSt
005 20220610094419.0
008 210423s2008 xx 000 0 und d
020 _a9788126517305
040 _cAL
041 _aeng
082 _a543 CHAN
100 _aCHAPMAN (Norman B),Ed.
_941637
245 _aAnalytical chemistry by open learning: scanning electron microscopy and x-ray microanalysis.
260 _aChichester
_bJohn Wiley & Sons
_c2008
300 _axvii,103
_bPB
365 _b1177
_cINR
906 _aAnalytical ; chemistry ; electron ; learning: ; microanalysis. ; microscopy ; open ; scanning ; x-ray
942 _2ddc
_cBK
999 _c154609
_d154609